| 000 | 00377cam a2200145ua 4500 | ||
|---|---|---|---|
| 041 |
_aeng _h |
||
| 082 |
_a954 _bRAD/FU |
||
| 100 | _aRadha kumud, Mookerii . | ||
| 245 |
_aFundamental Unity of India / _cRadha kumud Mookerii. _hTextual Documents |
||
| 260 |
_aMumbai : _bBharatiya Vidya Bhavan , _c1960. |
||
| 300 | _a109 ; . | ||
| 504 | _a | ||
| 942 | _cBK | ||
| 999 |
_c733 _d733 |
||